Tilastot visalle Sanat - "Suklaasydän" - Brita Koivunen

Klikkaa tästä pelataksesi tätä visaa!

Yleistilastot

  • Tätä visaa on pelattu 67 kertaa
  • Keskiarvotulos 66 / 132

Vastaustilastot

Sanat% Oikein
suklaasydän
98%
Suklaasydän,
98%
en
90%
90%
saa
90%
tinakuoret
90%
tinakuoret,
90%
aitoja
88%
miehet
85%
Niitä
85%
nuoret,
85%
sulaen
85%
vain
85%
jo
80%
Jo
80%
murtuu
80%
kun
78%
Kun
78%
aina
73%
tarjoo
73%
miehen
68%
näin
66%
Näin
66%
nuoren
66%
hältä
63%
Ja
63%
ja
63%
kahvilan
63%
pienen
63%
pöydässä
63%
Sain
63%
suklaasydämen
61%
ujoimman
61%
syystä
59%
tiedä
59%
Hän
56%
jota
56%
niin
51%
Niin
51%
jos
46%
Jos
46%
nyt
41%
Mut
37%
Bumtsibum,
34%
on
32%
On
32%
bumtsibumbum
29%
kätkee
29%
kaunis
29%
mua
29%
sisällensä
29%
hänen
27%
isällensä,
27%
Kerron
27%
päältä,
27%
sormuksen
27%
halvan
24%
irti
24%
minkä
24%
tuntuu
24%
jäältä,
22%
kuka
22%
kuljettaa
22%
lohduttaa
22%
mies
22%
tuskin
22%
kelpo
20%
paljon
20%
Suudelmatkin
20%
ties
20%
ulkona
20%
että
17%
hänkin
17%
Mutta
17%
oikein
17%
osta
17%
pohjimmiltaan,
17%
suklaata
17%
sydän
17%
katsoo
15%
saanut
15%
arvoton
12%
kyllä
12%
silmiin
12%
vihdoin
12%
viimein
12%
antoi
10%
innostua
10%
jäljennös
10%
joskus
10%
kävi
10%
saattaa
10%
sydämen
10%
kuljettiin
7%
aikamme
5%
rakkauden
5%

Tulosjakauma

Persentiili vastausten määrän mukaan

Jokaisen tuloksen saaneiden osuus

Tuloshistoriasi

Et ole pelannut tätä visaa